Tilastot visalle Pääkaupungit kirjaimittain - B

Klikkaa tästä pelataksesi tätä visaa!

Yleistilastot

  • Tätä visaa on pelattu 776 kertaa
  • Keskiarvotulos 16 / 25

Vastaustilastot

ValtioPääkaupunki% Oikein
BelgiaBryssel
91%
SaksaBerliini
85%
BrasiliaBrasilia
85%
UnkariBudapest
82%
RomaniaBukarest
82%
SveitsiBern
81%
KolumbiaBogotá
79%
ThaimaaBangkok
77%
SerbiaBelgrad
76%
ArgentiinaBuenos Aires
76%
SlovakiaBratislava
75%
IrakBagdad
70%
LibanonBeirut
67%
AzerbaidžanBaku
64%
BelizeBelmopan
54%
MaliBamako
53%
KirgisiaBiškek
52%
GambiaBanjul
51%
Kongon tasavaltaBrazzaville
51%
BarbadosBridgetown
50%
BruneiBandar Seri Begawan
48%
Keski-Afrikan tasavaltaBangui
47%
Saint Kitts ja NevisBasseterre
44%
Guinea-BissauBissau
43%
Etelä-AfrikkaBloemfontein
35%

Tulosjakauma

Persentiili vastausten määrän mukaan

Jokaisen tuloksen saaneiden osuus

Tuloshistoriasi

Et ole pelannut tätä visaa